Datum a čas kvízu

30.5 Celkem bodů Celkový počet nahraných bodů na tomto kvízu bez doplňovacích otázek.
7. Pořadí na kvízu Konečné umístění týmu na tomto kvízu.

Zaznamenané odpovědi

# Otázka Odpověď Body Výsledky
1. Zástupci florbalového klubu FB... Složiště 0
2. Aktuálně nejstarším žijícím ps... C 0
3. Společnost Mattel vydala u pří... královna Alžběta II. 1
4. Jedna z českých nápojářských z... Kofola 1
5. Českým házenkářkám se povedl m... Francie 1
6. Tímto tématem navazujeme v naš... B 1
7. Papírová dvacetikoruna byla v... Přemysl Otakar I. 0
8. Dvacet deka lásky je knihou po... Monyová 0
9. Nyní se podíváme do periodické... vápník 0
10. Dne 13. prosince roku 1920 zal... Haribo 1